<?xml version="1.0" encoding="UTF-8"?>
<record
    xmlns:xsi="http://www.w3.org/2001/XMLSchema-instance"
    xsi:schemaLocation="http://www.loc.gov/MARC21/slim http://www.loc.gov/standards/marcxml/schema/MARC21slim.xsd"
    xmlns="http://www.loc.gov/MARC21/slim">

  <leader>00356nam a2200145Ia 4500</leader>
  <controlfield tag="008">191201s1999    xx            000 0 und d</controlfield>
  <datafield tag="082" ind1=" " ind2=" ">
    <subfield code="a">621.382</subfield>
    <subfield code="b">KEE</subfield>
  </datafield>
  <datafield tag="100" ind1=" " ind2=" ">
    <subfield code="a">KENNEDY, George</subfield>
  </datafield>
  <datafield tag="245" ind1=" " ind2="0">
    <subfield code="a">Electronic Communication Systems</subfield>
  </datafield>
  <datafield tag="250" ind1=" " ind2=" ">
    <subfield code="a">4th</subfield>
  </datafield>
  <datafield tag="260" ind1=" " ind2=" ">
    <subfield code="a">N.Delhi</subfield>
    <subfield code="b">Tata McGraw Hill</subfield>
    <subfield code="c">1999</subfield>
  </datafield>
  <datafield tag="300" ind1=" " ind2=" ">
    <subfield code="a">763</subfield>
  </datafield>
  <datafield tag="650" ind1=" " ind2=" ">
    <subfield code="a">B.Tech(ECE)</subfield>
  </datafield>
  <datafield tag="942" ind1=" " ind2=" ">
    <subfield code="2">ddc</subfield>
    <subfield code="c">BK</subfield>
  </datafield>
  <datafield tag="999" ind1=" " ind2=" ">
    <subfield code="c">3276</subfield>
    <subfield code="d">3276</subfield>
  </datafield>
  <datafield tag="952" ind1=" " ind2=" ">
    <subfield code="0">0</subfield>
    <subfield code="1">0</subfield>
    <subfield code="2">ddc</subfield>
    <subfield code="4">0</subfield>
    <subfield code="7">0</subfield>
    <subfield code="8">BTECHECE</subfield>
    <subfield code="a">PIET</subfield>
    <subfield code="b">PIET</subfield>
    <subfield code="d">2007-08-26</subfield>
    <subfield code="e">UDH, Delhi</subfield>
    <subfield code="g">299.00</subfield>
    <subfield code="k">956</subfield>
    <subfield code="l">1</subfield>
    <subfield code="o">621.38 KEE</subfield>
    <subfield code="p">8229</subfield>
    <subfield code="r">2025-04-22 00:00:00</subfield>
    <subfield code="s">2025-04-15</subfield>
    <subfield code="w">2007-09-07</subfield>
    <subfield code="y">BK</subfield>
  </datafield>
  <datafield tag="952" ind1=" " ind2=" ">
    <subfield code="0">0</subfield>
    <subfield code="1">0</subfield>
    <subfield code="2">ddc</subfield>
    <subfield code="4">0</subfield>
    <subfield code="7">0</subfield>
    <subfield code="8">BTECHECE</subfield>
    <subfield code="a">PIET</subfield>
    <subfield code="b">PIET</subfield>
    <subfield code="d">2007-08-26</subfield>
    <subfield code="e">UDH, Delhi</subfield>
    <subfield code="g">299.00</subfield>
    <subfield code="k">956</subfield>
    <subfield code="l">2</subfield>
    <subfield code="o">621.38 KEE</subfield>
    <subfield code="p">8230</subfield>
    <subfield code="r">2025-03-18 00:00:00</subfield>
    <subfield code="s">2025-03-11</subfield>
    <subfield code="w">2007-09-07</subfield>
    <subfield code="y">BK</subfield>
  </datafield>
  <datafield tag="952" ind1=" " ind2=" ">
    <subfield code="0">0</subfield>
    <subfield code="1">0</subfield>
    <subfield code="2">ddc</subfield>
    <subfield code="4">0</subfield>
    <subfield code="7">0</subfield>
    <subfield code="8">BTECHECE</subfield>
    <subfield code="a">PIET</subfield>
    <subfield code="b">PIET</subfield>
    <subfield code="d">2007-08-26</subfield>
    <subfield code="e">UDH, Delhi</subfield>
    <subfield code="g">299.00</subfield>
    <subfield code="k">956</subfield>
    <subfield code="l">1</subfield>
    <subfield code="o">621.38 KEE</subfield>
    <subfield code="p">8231</subfield>
    <subfield code="r">2022-05-10 00:00:00</subfield>
    <subfield code="s">2022-04-09</subfield>
    <subfield code="w">2007-09-07</subfield>
    <subfield code="y">BK</subfield>
  </datafield>
  <datafield tag="952" ind1=" " ind2=" ">
    <subfield code="0">0</subfield>
    <subfield code="1">0</subfield>
    <subfield code="2">ddc</subfield>
    <subfield code="4">0</subfield>
    <subfield code="7">0</subfield>
    <subfield code="8">BTECHECE</subfield>
    <subfield code="a">PIET</subfield>
    <subfield code="b">PIET</subfield>
    <subfield code="d">2007-08-26</subfield>
    <subfield code="e">UDH, Delhi</subfield>
    <subfield code="g">299.00</subfield>
    <subfield code="k">956</subfield>
    <subfield code="l">0</subfield>
    <subfield code="o">621.38 KEE</subfield>
    <subfield code="p">8232</subfield>
    <subfield code="r">2019-12-04 00:00:00</subfield>
    <subfield code="w">2007-09-07</subfield>
    <subfield code="y">BK</subfield>
  </datafield>
  <datafield tag="952" ind1=" " ind2=" ">
    <subfield code="0">0</subfield>
    <subfield code="1">0</subfield>
    <subfield code="2">ddc</subfield>
    <subfield code="4">0</subfield>
    <subfield code="7">0</subfield>
    <subfield code="8">BTECHECE</subfield>
    <subfield code="a">PIET</subfield>
    <subfield code="b">PIET</subfield>
    <subfield code="d">2007-08-26</subfield>
    <subfield code="e">UDH, Delhi</subfield>
    <subfield code="g">299.00</subfield>
    <subfield code="k">956</subfield>
    <subfield code="l">1</subfield>
    <subfield code="o">621.38 KEE</subfield>
    <subfield code="p">8233</subfield>
    <subfield code="r">2022-04-04 00:00:00</subfield>
    <subfield code="s">2022-03-25</subfield>
    <subfield code="w">2007-09-07</subfield>
    <subfield code="y">BK</subfield>
  </datafield>
  <datafield tag="952" ind1=" " ind2=" ">
    <subfield code="0">0</subfield>
    <subfield code="1">0</subfield>
    <subfield code="2">ddc</subfield>
    <subfield code="4">0</subfield>
    <subfield code="7">0</subfield>
    <subfield code="8">BTECHECE</subfield>
    <subfield code="a">PIET</subfield>
    <subfield code="b">PIET</subfield>
    <subfield code="d">2007-08-26</subfield>
    <subfield code="e">UDH, Delhi</subfield>
    <subfield code="g">299.00</subfield>
    <subfield code="k">956</subfield>
    <subfield code="l">1</subfield>
    <subfield code="o">621.38 KEE</subfield>
    <subfield code="p">8234</subfield>
    <subfield code="r">2024-07-02 00:00:00</subfield>
    <subfield code="s">2024-06-28</subfield>
    <subfield code="w">2007-09-07</subfield>
    <subfield code="y">BK</subfield>
  </datafield>
  <datafield tag="952" ind1=" " ind2=" ">
    <subfield code="0">0</subfield>
    <subfield code="1">0</subfield>
    <subfield code="2">ddc</subfield>
    <subfield code="4">0</subfield>
    <subfield code="7">0</subfield>
    <subfield code="8">BTECHECE</subfield>
    <subfield code="a">PIET</subfield>
    <subfield code="b">PIET</subfield>
    <subfield code="d">2007-08-26</subfield>
    <subfield code="e">UDH, Delhi</subfield>
    <subfield code="g">299.00</subfield>
    <subfield code="k">956</subfield>
    <subfield code="l">0</subfield>
    <subfield code="o">621.38 KEE</subfield>
    <subfield code="p">8235</subfield>
    <subfield code="r">2019-12-04 00:00:00</subfield>
    <subfield code="w">2007-09-07</subfield>
    <subfield code="y">BK</subfield>
  </datafield>
  <datafield tag="952" ind1=" " ind2=" ">
    <subfield code="0">0</subfield>
    <subfield code="1">0</subfield>
    <subfield code="2">ddc</subfield>
    <subfield code="4">0</subfield>
    <subfield code="7">0</subfield>
    <subfield code="8">BTECHECE</subfield>
    <subfield code="a">PIET</subfield>
    <subfield code="b">PIET</subfield>
    <subfield code="d">2007-08-26</subfield>
    <subfield code="e">UDH, Delhi</subfield>
    <subfield code="g">299.00</subfield>
    <subfield code="k">956</subfield>
    <subfield code="l">1</subfield>
    <subfield code="o">621.38 KEE</subfield>
    <subfield code="p">8236</subfield>
    <subfield code="r">2025-05-12 00:00:00</subfield>
    <subfield code="s">2025-04-28</subfield>
    <subfield code="w">2007-09-07</subfield>
    <subfield code="y">BK</subfield>
  </datafield>
  <datafield tag="952" ind1=" " ind2=" ">
    <subfield code="0">0</subfield>
    <subfield code="1">0</subfield>
    <subfield code="2">ddc</subfield>
    <subfield code="4">0</subfield>
    <subfield code="7">0</subfield>
    <subfield code="8">BTECHECE</subfield>
    <subfield code="a">PIET</subfield>
    <subfield code="b">PIET</subfield>
    <subfield code="d">2007-08-26</subfield>
    <subfield code="e">UDH, Delhi</subfield>
    <subfield code="g">299.00</subfield>
    <subfield code="k">956</subfield>
    <subfield code="l">0</subfield>
    <subfield code="o">621.38 KEE</subfield>
    <subfield code="p">8237</subfield>
    <subfield code="r">2019-12-04 00:00:00</subfield>
    <subfield code="w">2007-09-07</subfield>
    <subfield code="y">BK</subfield>
  </datafield>
  <datafield tag="952" ind1=" " ind2=" ">
    <subfield code="0">0</subfield>
    <subfield code="1">0</subfield>
    <subfield code="2">ddc</subfield>
    <subfield code="4">0</subfield>
    <subfield code="7">0</subfield>
    <subfield code="8">BTECHECE</subfield>
    <subfield code="a">PIET</subfield>
    <subfield code="b">PIET</subfield>
    <subfield code="d">2007-08-26</subfield>
    <subfield code="e">UDH, Delhi</subfield>
    <subfield code="g">299.00</subfield>
    <subfield code="k">956</subfield>
    <subfield code="l">0</subfield>
    <subfield code="o">621.38 KEE</subfield>
    <subfield code="p">8238</subfield>
    <subfield code="r">2019-12-04 00:00:00</subfield>
    <subfield code="w">2007-09-07</subfield>
    <subfield code="y">BK</subfield>
  </datafield>
</record>
